Chémia doplnkové učebné texty pre 3. ročník gymnázií. Deriváty uhľovodíkov (pokračovanie)

Bibliographic Details
Main Author: Pacák, Josef, 1927-2010 (Author)
Other Authors: Hrnčiar, Pavol, 1930-2007 (Translator), Petrovič, Pavel, 1941- (Translator)
Format: Book
Language:Slovak
Czech
Published: Bratislava Slovenské pedagogické nakladateľstvo 1992
Edition:2. vyd.

MARC

LEADER 00000cam a2200000 a 4500
001 vtls001069210
003 SK-MaSNL
005 20260301153024.0
008 250414s1992 xo d 00000 slo
015 |a SNBA1992/10 
020 |a 8008018143  |q (brož.) 
035 |a E07906A9-0C97-4DBF-966A-913FF270B66B 
035 |a SNK000012040 
035 |a urn:nbn:sk:snk-am003f22 
035 |a urn:nbn:sk:snk-amjauc 
040 |a SNK  |b slo  |c SNK  |e AACR2 
041 1 |a slo  |h cze 
044 |a xo  |c SK 
080 |a 547(075.3)  |2 1981 
245 0 0 |a Chémia  |b doplnkové učebné texty pre 3. ročník gymnázií. Deriváty uhľovodíkov (pokračovanie)  |c Josef Pacák ... [et al.] ; [preložili Pavol Hrnčiar, Pavel Petrovič] 
250 |a 2. vyd. 
260 |a Bratislava  |b Slovenské pedagogické nakladateľstvo  |c 1992 
300 |a 42 s.  |c 20 cm 
500 |a Schválilo MŠ SR 
700 1 |a Hrnčiar, Pavol,  |d 1930-2007  |4 trl  |9 37000 
700 1 |a Pacák, Josef,  |d 1927-2010  |4 aut  |9 212529 
700 1 |a Petrovič, Pavel,  |d 1941-  |4 trl  |9 246736 
852 |a Slovenská národná knižnica 
919 |a 80-08-01814-3 
954 |a chémia organická  |a uhľovodíky 
958 |a CZ 
958 |a OP 
958 |a TL 
958 |a UC 
999 |c 791107  |d 793037 
952 |a SNK  |b SNK  |y VYP  |7 0  |p 17A0021283  |o snkSD 64424 D1  |i snkKSP 7112/92  |0 0  |1 0  |4 0  |d 1996-11-11  |l 0  |r 2004-12-31 00:00:00  |w 2026-02-24 
952 |t P60, <03>, [BOOK], {603}  |a SNK  |b SNK  |y PREZ  |7 0  |p 17A0065239  |o snkSD 64424  |0 0  |1 0  |4 0  |d 1997-05-12  |l 0  |r 2004-12-31 00:00:00  |w 2026-02-24